Các văn bản pháp luật mới nhất và hướng dẫn thi hành
Gồm 2 phần: Hệ thống văn bản luật mới của Quốc hội nước Cộng hòa xã hội chủ nghĩa Việt Nam và Những văn bản hướng dẫn thi hành mới nhất.
সংরক্ষণ করুন:
| প্রধান লেখক: | |
|---|---|
| বিন্যাস: | গ্রন্থ |
| ভাষা: | Undetermined |
| প্রকাশিত: |
H.
Lao động
2007
|
| বিষয়গুলি: | |
| অনলাইন ব্যবহার করুন: | http://lrc.tdmu.edu.vn/opac/search/detail.asp?aID=2&ID=14656 |
| ট্যাগগুলো: |
ট্যাগ যুক্ত করুন
কোনো ট্যাগ নেই, প্রথমজন হিসাবে ট্যাগ করুন!
|
| Thư viện lưu trữ: | Trung tâm Học liệu Trường Đại học Thủ Dầu Một |
|---|
| LEADER | 00958nam a2200205Ia 4500 | ||
|---|---|---|---|
| 001 | TDMU_14656 | ||
| 008 | 210410s9999 xx 000 0 und d | ||
| 082 | |a 349.597 | ||
| 090 | |b H450 | ||
| 100 | |a Hồ, Ngọc Cẩn | ||
| 245 | 0 | |a Các văn bản pháp luật mới nhất và hướng dẫn thi hành | |
| 245 | 0 | |c Hồ Ngọc Cẩn (sưu tầm và hệ thống hóa) | |
| 260 | |a H. | ||
| 260 | |b Lao động | ||
| 260 | |c 2007 | ||
| 300 | |a 582 tr. | ||
| 520 | |a Gồm 2 phần: Hệ thống văn bản luật mới của Quốc hội nước Cộng hòa xã hội chủ nghĩa Việt Nam và Những văn bản hướng dẫn thi hành mới nhất. | ||
| 650 | |a Pháp luật |x Hướng dẫn thi hành |z Việt Nam | ||
| 856 | |u http://lrc.tdmu.edu.vn/opac/search/detail.asp?aID=2&ID=14656 | ||
| 980 | |a Trung tâm Học liệu Trường Đại học Thủ Dầu Một | ||